000 00529nam a2200181 a 4500
005 20140310183502.0
008 100818s19uu xx 00 eng d
020 _a978-981-4253-12-3
050 _aHD 1375
_b.H325 2008
100 _aHamilton, Dan
245 _aReal estate marketing and sales essentials :
_bsteps for success./
_cDan Hamilton.
260 _aAustralia :
_bThomson South-Western,
_c2008.
300 _a436 p. :
_c21 cm.
521 _aBSBA
650 _aReal estate.
942 _cBK
_2lcc
_kFOR
999 _c23963
_d23963